000170311 001__ 170311
000170311 005__ 20260410165451.0
000170311 0247_ $$2doi$$a10.1016/j.physleta.2012.05.052
000170311 0248_ $$2sideral$$a78440
000170311 037__ $$aART-2012-78440
000170311 041__ $$aeng
000170311 100__ $$aSañudo,  J.
000170311 245__ $$aCalculation of statistical entropic measures in a model of solids
000170311 260__ $$c2012
000170311 5203_ $$aIn this work, a one-dimensional model of crystalline solids based on the Dirac comb limit of the Krönig–Penney model is considered. From the wave functions of the valence electrons, we calculate a statistical measure of complexity and the Fisher–Shannon information for the lower energy electronic bands appearing in the system. All these magnitudes present an extremal value for the case of solids having half-filled bands, a configuration where in general a high conductivity is attained in real solids, such as it happens with the monovalent metals.
000170311 540__ $$9info:eu-repo/semantics/closedAccess$$aAll rights reserved$$uhttp://www.europeana.eu/rights/rr-f/
000170311 590__ $$a1.766$$b2012
000170311 591__ $$aPHYSICS, MULTIDISCIPLINARY$$b25 / 83 = 0.301$$c2012$$dQ2$$eT1
000170311 655_4 $$ainfo:eu-repo/semantics/article$$vinfo:eu-repo/semantics/publishedVersion
000170311 700__ $$0(orcid)0000-0003-4055-3390$$aLopez-Ruiz, R.$$uUniversidad de Zaragoza
000170311 7102_ $$15007$$2075$$aUniversidad de Zaragoza$$bDpto. Informát.Ingenie.Sistms.$$cÁrea Ciencia Comput.Intelig.Ar
000170311 773__ $$g376, 34 (2012), 2288-2291$$pPhys. lett., A$$tPHYSICS LETTERS A$$x0375-9601
000170311 8564_ $$s201887$$uhttps://zaguan.unizar.es/record/170311/files/texto_completo.pdf$$yVersión publicada
000170311 8564_ $$s2514010$$uhttps://zaguan.unizar.es/record/170311/files/texto_completo.jpg?subformat=icon$$xicon$$yVersión publicada
000170311 909CO $$ooai:zaguan.unizar.es:170311$$particulos$$pdriver
000170311 951__ $$a2026-04-10-13:46:21
000170311 980__ $$aARTICLE